Les pokémon de type insecte (avec types indiqués) - Statistiques

Statistiques générales
  • Ce quiz a été pris 1 954 fois
  • Le résultat moyen est 49 sur 66
Statistiques - réponses
Génération Type(s) N°National Pokémon % Correct
1ère Insecte 10 Chenipan
99%
1ère Insecte Vol 12 Papilusion
99%
1ère Insecte Poison 13 Aspicot
98%
1ère Insecte 11 Chrysacier
98%
1ère Insecte Poison 14 Coconfort
98%
1ère Insecte Poison 15 Dardargnan
97%
1ère Insecte Vol 123 Insecateur
93%
1ère Insecte Poison 49 Aeromite
89%
3ème Insecte 265 Chenipotte
89%
1ère Insecte Poison 48 Mimitoss
89%
3ème Insecte 266 Armulys
87%
3ème Insecte 268 Blindalys
87%
3ème Insecte Poison 269 Papinox
87%
1ère Insecte 127 Scarabrute
87%
2ème Insecte Acier 212 Cizayox
86%
1ère Insecte Plante 46 Paras
86%
1ère Insecte Plante 47 Parasect
86%
3ème Insecte Vol 267 Charmillon
84%
3ème Insecte Eau 283 Arakdo
83%
2ème Insecte Combat 214 Scarhino
83%
2ème Insecte Poison 167 Mimigal
82%
3ème Insecte Spectre 292 Munja
82%
2ème Insecte Poison 168 Migalos
80%
3ème Insecte Vol 291 Ninjask
80%
3ème Insecte Vol 284 Maskadra
79%
3ème Insecte Sol 290 Ningale
78%
5ème Insecte Feu 637 Pyrax
78%
4ème Insecte Plante 413 Cheniselle
77%
4ème Insecte 412 Cheniti
77%
4ème Insecte Vol 414 Papilord
75%
5ème Insecte Feu 636 Pyronille
74%
2ème Insecte Vol 165 Coxy
73%
2ème Insecte Vol 166 Coxyclaque
73%
2ème Insecte Acier 205 Foretress
73%
5ème Insecte Plante 542 Manternel
72%
5ème Insecte Electrique 596 Mygavolt
72%
2ème Insecte 204 Pomdepik
71%
5ème Insecte Plante 541 Couverdure
69%
5ème Insecte Acier 649 Genesect
69%
5ème Insecte Poison 544 Scobolide
69%
5ème Insecte Electrique 595 Statitik
69%
5ème Insecte Poison 543 Venipatte
69%
4ème Insecte Vol 416 Apireine
68%
4ème Insecte Vol 415 Apitrini
68%
5ème Insecte Poison 545 Brutapode
68%
5ème Insecte Acier 632 Fermite
68%
6ème Insecte Vol 666 (OMG) Prismillon
66%
5ème Insecte Roche 558 Crabaraque
65%
5ème Insecte Plante 540 Larveyette
65%
3ème Roche Insecte 348 Armaldo
64%
5ème Insecte Roche 557 Crabicoque
64%
2ème Insecte Vol 139 Yanma
64%
3ème Roche Insecte 347 Anorith
62%
6ème Insecte 664 Lepidonille
62%
4ème Insecte Vol 469 Yanmega
62%
4ème Insecte 401 Crikzik
61%
4ème Insecte 402 Melokrik
61%
2ème Insecte Roche 213 Caratroc
59%
5ème Insecte Acier 589 Lancargot
59%
5ème Insecte 616 Escargaume
56%
5ème Insecte 617 Limaspeed
56%
6ème Insecte 665 Peregrain
56%
4ème Poison Insecte 451 Rapion
55%
5ème Insecte 588 Carabing
54%
3ème Insecte 314 Lumivole
53%
3ème Insecte 313 Muciole
52%
Aucun quiz correspondant
Distribution des résultats
% des personnes avec chaque résultat
Percentile par nombre de réponses
Votre historique - résultats
Vous n’avez pas pris ce quiz